| 000 | 01383nam a2200349 i 4500 | ||
|---|---|---|---|
| 001 | ebr10754126 | ||
| 003 | CaPaEBR | ||
| 006 | m o d | ||
| 007 | cr cn||||||||| | ||
| 008 | 130921s2013 enka o 001 0 eng d | ||
| 020 | _a9781783281381 (e-book) | ||
| 020 | _z9781783281374 | ||
| 040 |
_aCaPaEBR _beng _erda _epn _cCaPaEBR |
||
| 035 | _a(OCoLC)861068611 | ||
| 050 | 1 | 4 |
_aQA76 _b.K37 2013eb |
| 100 | 1 | _aKarambelkar, Hrishikesh. | |
| 245 | 1 | 0 |
_aScaling big data with Hadoop and Solr / _cHrishikesh Karambelkar. |
| 264 | 1 |
_aBirmingham, England : _bPackt Publishing, _c2013. |
|
| 300 |
_a1 online resource (144 pages) : _billustrations. |
||
| 336 |
_atext _2rdacontent |
||
| 337 |
_acomputer _2rdamedia |
||
| 338 |
_aonline resource _2rdacarrier |
||
| 440 | 0 | _aCommunity experience distilled | |
| 500 | _aIncludes index. | ||
| 588 | _aDescription based on online resource; title from PDF title page (ebrary, viewed September 21, 2013). | ||
| 590 | _aElectronic reproduction. Palo Alto, Calif. : ebrary, 2013. Available via World Wide Web. Access may be limited to ebrary affiliated libraries. | ||
| 630 | 0 | 0 | _aApache Hadoop. |
| 650 | 0 | _aElectronic data processing. | |
| 655 | 0 | _aElectronic books. | |
| 797 | 2 | _aebrary. | |
| 856 | 4 | 0 |
_uhttp://site.ebrary.com/lib/rucke/Doc?id=10754126 _zAn electronic book accessible through the World Wide Web; click to view |
| 999 |
_c117305 _d117305 |
||